| 000 | 00515nam a2200205Ia 4500 | ||
|---|---|---|---|
| 005 | 20240823020230.0 | ||
| 008 | 240823s9999||||xx |||||||||||||| ||und|| | ||
| 020 | _a0-8247-7852-9 | ||
| 041 | _aENGLISH | ||
| 082 | _A621.8 M9 | ||
| 100 | _a"Boothroyd,Geoffrey" | ||
| 245 | 0 | _aFundamentals of Machining and Machine Tools | |
| 250 | _a2nd | ||
| 260 |
_c1989 _b"Marcel Dekker,New" |
||
| 500 | _aTRANSFERED | ||
| 650 |
_aMachine _bMechanical |
||
| 700 | _a" Knight,Winston A" | ||
| 942 | _cBK | ||
| 999 |
_c174273 _d174273 |
||